Golden Globe Winners for Best Actress in a Comedy TV Series since 2000 - Statistics

General Stats
  • This quiz has been taken 56 times
    4 since last reset
  • The average score is 19 of 26
Answer Stats
Year Program Actor % Correct
2013 Parks and Recreation Amy Poehler
100%
2020 Schitt's Creek Catherine O'Hara
100%
2002 Friends Jennifer Aniston
100%
2003 Sex and the City Sarah Jessica Parker
100%
2001 Sex and the City Sarah Jessica Parker
100%
2000 Sex and the City Sarah Jessica Parker
100%
2008 30 Rock Tina Fey
100%
2007 30 Rock Tina Fey
100%
2006 Ugly Betty America Ferrera
75%
2025 Hacks Jean Smart
75%
2024 Hacks Jean Smart
75%
2021 Hacks Jean Smart
75%
2005 Weeds Mary-Louise Parker
75%
2022 Abbott Elementary Quinta Brunson
75%
2018 The Marvelous Mrs. Maisel Rachel Brosnahan
75%
2017 The Marvelous Mrs. Maisel Rachel Brosnahan
75%
2004 Desperate Housewives Teri Hatcher
75%
2023 The Bear Ayo Edebiri
50%
2014 Jane the Virgin Gina Rodriguez
50%
2011 Enlightened Laura Dern
50%
2010 The Big C Laura Linney
50%
2012 Girls Lena Dunham
50%
2019 Fleabag Phoebe Waller-Bridge
50%
2015 Crazy Ex-Girlfriend Rachel Bloom
50%
2009 United States of Tara Toni Collette
50%
2016 Black-ish Tracee Ellis Ross
50%
No matching quizzes found
Score Distribution
Percent of People with Each Score
Percentile by Number Answered
Your Score History
You have not taken this quiz since the last reset